video games - Statistics

General Stats
  • This quiz has been taken 925 times
  • The average score is 5 of 8
Answer Stats
Picture Answer % Correct
mario
99%
xbox
98%
ps4
79%
yoshi
79%
wii
67%
mario and luigi
62%
gamer zone
37%
pink controller
11%
No matching quizzes found
Score Distribution
Percent of People with Each Score
Percentile by Number Answered
Your Score History
You have not taken this quiz